| 000 -ლიდერი |
| ფიქსირებული სიგრძის საკონტროლო ველი |
01044nam a22002057a 4500 |
| 003 - საკონტროლო ნომრის იდენტიფიკატორი |
| საკონტროლო ველი |
Ge_BSU |
| 005 - ბოლო ოპერაციის თარიღი და დრო |
| საკონტროლო ველი |
20200603131331.0 |
| 008 - ფიქსირებული სიგრძის მონაცემთა ელემენტები - ზოგადი ინფორმაცია |
| ფიქსირებული სიგრძის საკონტროლო ველი |
200603s2003 xxu||||| |||| 00| 0 geo d |
| 041 ## - ენის კოდი |
| Language code of text/sound track or separate title |
geo |
| 080 ## - უნივერსალური ათობითი კლასიფიკაციის ინდექსი |
| Universal Decimal Classification number |
630.2(075.8) ჯ-26 |
| 100 ## - მთავარი ჩანაწერი - პიროვნების სახელი |
| Personal name |
ჯაფარიძე, თენგიზ |
| 9 (RLIN) |
8289 |
| 245 ## - ცნობა სათაურის შესახებ |
| Title |
მეტყევეობა : |
| Remainder of title |
სახელმძღვ. საქ. სახელმწ. აგრარ. უნ-ტის სატყეო-სამეურნეო ფაკ-ტის სტუდენტთათვის / |
| Statement of responsibility, etc |
თენგიზ ჯაფარიძე ; რედ. გ. გიგაური. |
| 264 ## - წარმოების, გამოცემის, დისტრიბუციის და სხვა ცნობები |
| გამოცემის, წარმოების, დისტრიბუციის... ადგილი |
[თბილისი] : |
| გამოცემის, წარმოების, დისტრიბუციის... სახელწოდება |
განათლება, |
| გამოცემის, წარმოების, დისტრიბუციის... თარიღი |
2003. |
| 300 ## - ფიზიკური აღწერა |
| Extent |
297 გვ. : |
| Other physical details |
ნახ., ცხრ. |
| Dimensions |
20 სმ. |
| 504 ## - BIBLIOGRAPHY, ETC. NOTE |
| Bibliography, etc |
ბიბლიოგრ.: გვ. 293 |
| 653 ## - INDEX TERM--UNCONTROLLED |
| Uncontrolled term |
მეტყევეობა |
| 653 ## - INDEX TERM--UNCONTROLLED |
| Uncontrolled term |
სატყეო მეურნეობა |
| 700 ## - ADDED ENTRY--PERSONAL NAME |
| Personal name |
გიგაური, გ |
| Relator term |
რედაქტორი |
| 9 (RLIN) |
4396 |
| 942 ## - ADDED ENTRY ELEMENTS (KOHA) |
| Source of classification or shelving scheme |
|
| Koha item type |
წიგნი |